|
|
|
|
| LEADER |
01610nam a2200409 4500 |
| 001 |
ocm61141110 |
| 003 |
OCoLC |
| 005 |
20180501121908.0 |
| 006 |
m o d |
| 007 |
cr un|---auuua |
| 008 |
050722s2001 nyua obf 001 0 eng c |
| 040 |
|
|
|a YUS
|b eng
|e pn
|c YUS
|d OCLCG
|d UIU
|d OPELS
|d OCLCQ
|d OCLCA
|d OPELS
|d CUS
|d OCLCF
|d OCLCQ
|d OCLCO
|d OCLCQ
|d OCL
|d OCLCQ
|d OCLCA
|d GrThAP
|
| 020 |
|
|
|a 9780444500786
|q (electronic bk.)
|
| 020 |
|
|
|a 0444500782
|q (electronic bk.)
|
| 035 |
|
|
|a (OCoLC)61141110
|
| 042 |
|
|
|a pcc
|
| 050 |
|
4 |
|a TA169
|b .A37 2001
|
| 082 |
0 |
4 |
|a 620.00452
|
| 049 |
|
|
|a TEFA
|
| 245 |
0 |
0 |
|a Advances in reliability /
|c edited by N. Balakrishnan, C.R. Rao.
|
| 250 |
|
|
|a 1st ed.
|
| 260 |
|
|
|a New York :
|b North Holland,
|c 2001.
|
| 300 |
|
|
|a 1 online resource.
|
| 336 |
|
|
|a text
|b txt
|2 rdacontent
|
| 337 |
|
|
|a computer
|b c
|2 rdamedia
|
| 338 |
|
|
|a online resource
|b cr
|2 rdacarrier
|
| 490 |
1 |
|
|a Handbook of statistics ;
|v v. 20
|
| 504 |
|
|
|a Includes bibliographical references and index.
|
| 588 |
0 |
|
|a Online resource; title from Web page (viewed Jul. 22, 2005).
|
| 650 |
|
0 |
|a Reliability (Engineering)
|v Handbooks, manuals, etc.
|
| 650 |
|
7 |
|a Reliability (Engineering)
|2 fast
|0 (OCoLC)fst01093646
|
| 655 |
|
4 |
|a Electronic books.
|
| 655 |
|
7 |
|a Handbooks and manuals.
|2 fast
|0 (OCoLC)fst01423877
|
| 700 |
1 |
|
|a Balakrishnan, N.,
|d 1956-
|e editor.
|
| 700 |
1 |
|
|a Rao, C. Radhakrishna
|q (Calyampudi Radhakrishna),
|d 1920-
|e editor.
|
| 830 |
|
0 |
|a Handbook of statistics (Amsterdam, Netherlands) ;
|v v. 20.
|
| 856 |
4 |
0 |
|u https://www.sciencedirect.com/science/handbooks/01697161/20
|z Full Text via HEAL-Link
|